Amor-atados /

Guardado en:
Detalles Bibliográficos
Autor principal: Aguilar Temoltzin, Minerva (autor)
Formato: Libro
Idioma:Español
Publicado: Puebla, México : Tlaxcala, México : Universidad Iberoamericana, Plantel Golfo-Centro ; Gobierno del Estado de Tlaxcala, Instituto Tlaxcalteca de la Cultura, 2002, c2002
Colección:(Los Premios)
Temas:
Etiquetas: Agrega una etiqueta
Sin etiquetas, Sé el primero en etiquetar este registro!

MARC

LEADER 00000nam^a2200000^a^4500
001 000147051
005 20250521000000.0
009 20260310095933.386
037 |a Acervo ITESO - Biblioteca 
041 |a ESP 
082 |a 861.  |b AGU 
100 |a Aguilar Temoltzin, Minerva  |e (autor) 
245 1 0 |a Amor-atados /  |c M. Aguilar Temoltzin ; pról. de Dolores Castro. 
264 4 |a Puebla, México :  |b Universidad Iberoamericana, Plantel Golfo-Centro ;  |a Tlaxcala, México :  |b Gobierno del Estado de Tlaxcala, Instituto Tlaxcalteca de la Cultura,  |c 2002, c2002 
300 |a 61 p. 
336 |a texto  |b txt  |2 rdacontenido 
337 |a sin mediación  |b n  |2 rdamedio 
338 |a volumen  |b nc  |2 rdasoporte 
440 5 |a (Los Premios) 
649 |a XX 
650 |a Poesía Mexicana 
650 |a Literatura Mexicana -  |y Siglo XXI 
650 |a Literatura de Mujeres -  |z México 
650 |a Amor en la Literatura 
910 |a Fondo General 
920 |a Impresos - Libros 
930 |a Colección General 
940 |a Literatura 
905 |a 101 
901 |a 0500076709  |b IT1  |c LIT  |u 20250521 
901 |a 0500076708  |b IT1  |c LIT  |u 20250521 
902 |a https://opac.biblio.iteso.mx/vufind/Record/000147051